Americas By Shortest Border 🔥 - Statistics

General Stats
  • This quiz has been taken 52 times
  • The average score is 18 of 24
Answers on the Map
Answers color-coded by a green-red scale on the quiz's map according to % correct below.
 
Answer Stats
Answer % Correct
Mexico
95%
Suriname
95%
Brazil
92%
Costa Rica
92%
Nicaragua
92%
Colombia
87%
Guatemala
87%
Panama
84%
El Salvador
79%
Belize
76%
Chile
76%
Peru
76%
United States
76%
Canada
74%
Guyana
74%
Argentina
71%
Uruguay
71%
Dominican Republic
68%
Haiti
68%
Honduras
68%
Bolivia
61%
Paraguay
61%
Ecuador
53%
Venezuela
47%
No matching quizzes found
Score Distribution
Percent of People with Each Score
Percentile by Number Answered
Your Score History
You have not taken this quiz